[Event "1.FrauenBL 2018-19"]
[Site "Berlin"]
[Date "2019.03.01"]
[Round "9.8"]
[White "Atalik, Ekaterina"]
[Black "Klek, Hanna Marie"]
[Result "1-0"]
[WhiteElo "2450"]
[BlackElo "2313"]
[Annotator "ChessBase"]
[PlyCount "113"]
[EventDate "2018.10.27"]
[EventType "team-tourn"]
[EventCountry "GER"]
[SourceTitle "playchess.com"]
[Source "ChessBase"]
[SourceQuality "1"]
[WhiteTeam "SK Schwaebisch Hall"]
[BlackTeam "SF Deizisau"]
[TimeControl "40/5400+30:1800+30"]

1. d4 {[%emt 0:00:04]} d5 {[%emt 0:00:05]} 2. c4 {[%emt 0:00:09]} e6 {[%emt 0:00:07]} 3. Nc3 {[%emt 0:00:16]} a6 {[%emt 0:00:06]} 4. cxd5 {[%emt 0:01:14]} exd5 {[%emt 0:00:05]} 5. Bf4 {[%emt 0:00:23]} Nf6 {[%emt 0:00:06]} 6. e3 {[%emt 0:00:36]} Bd6 {[%emt 0:00:06]} 7. Bxd6 Qxd6 {[%emt 0:00:06]} 8. Bd3 {[%emt 0:03:26]} O-O 9. Nge2 {[%emt 0:02:39]} Re8 {[%emt 0:10:48]} 10. Ng3 {[%emt 0:03:12]} g6 {[%emt 0:03:38]} 11. O-O {[%emt 0:03:01]} Nbd7 {[%emt 0:00:37]} 12. Re1 {[%emt 0:03:12]} b6 {[%emt 0:05:32]} 13. Rc1 {[%emt 0:18:35]} c5 {[%emt 0:03:03]} 14. Bb1 {[%emt 0:03:12]} Bb7 {[%emt 0:01:17]} 15. dxc5 {[%emt 0:04:15]} bxc5 {[%emt 0:02:54]} 16. Nge4 {[%emt 0:03:29]} Qc6 {[%emt 0:05:44]} 17. Nxf6+ {[%emt 0:04:28]} Nxf6 {[%emt 0:00:06]} 18. Na4 {[%emt 0:14:35]} d4 {[%emt 0:02:33]} 19. e4 {[%emt 0:01:51]} Nxe4 {[%emt 0:07:26]} 20. f3 {[%emt 0:02:33]} Nf6 {[%emt 0:11:54]} 21. Nxc5 {[%emt 0:03:50]} Rxe1+ 22. Qxe1 {[%emt 0:00:05]} Rc8 {[%emt 0:08:38]} 23. Nb3 {[%emt 0:05:18]} Qb6 {[%emt 0:07:15]} 24. Rxc8+ {[%emt 0:01:18]} Bxc8 {[%emt 0:00:04]} 25. Qf2 {[%emt 0:01:32]} Qb4 {[%emt 0:02:50]} 26. Nxd4 {[%emt 0:05:10]} Bd7 {[%emt 0:00:24]} 27. Bd3 {[%emt 0:02:03]} Nd5 {[%emt 0:04:50]} 28. Bf1 {[%emt 0:07:08]} a5 {[%emt 0:01:43]} 29. g3 {[%emt 0:02:22]} h5 {[%emt 0:02:59]} 30. h4 {[%emt 0:01:41]} Nb6 {[%emt 0:04:58]} 31. a3 {[%emt 0:01:16]} Qd6 {[%emt 0:00:33]} 32. Kg2 {[%emt 0:00:59]} Na4 {[%emt 0:02:26]} 33. Qd2 {[%emt 0:00:58]} Qd5 {[%emt 0:01:52]} 34. b3 {[%emt 0:00:52]} Nc5 {[%emt 0:00:57]} 35. Bc4 {[%emt 0:00:56]} Qd6 {[%emt 0:00:14]} 36. Qe3 {[%emt 0:00:39]} Nb7 {[%emt 0:02:01]} 37. a4 {[%emt 0:00:34]} Qc5 {[%emt 0:00:54]} 38. Qe4 {[%emt 0:00:38]} Kg7 {[%emt 0:02:38]} 39. Qd5 {[%emt 0:00:36]} Qxd5 {[%emt 0:00:12]} 40. Bxd5 {[%emt 0:00:05]} Nc5 {[%emt 0:00:07]} 41. Kf2 {[%emt 0:30:32]} f6 {[%emt 0:30:36]} 42. Ke3 {[%emt 0:00:43]} g5 {[%emt 0:00:11]} 43. Kd2 {[%emt 0:00:00]} Kf8 {[%emt 0:00:00]} 44. Kc3 {[%emt 0:00:00]} Ke7 {[%emt 0:00:00]} 45. Kc4 {[%emt 0:00:00]} Kd6 {[%emt 0:00:00]} 46. Bf7 {[%emt 0:00:00]} Bh3 {[%emt 0:00:00]} 47. Bxh5 {[%emt 0:00:00]} Bf1+ {[%emt 0:00:00]} 48. Kc3 {[%emt 0:00:00]} Nd3 {[%emt 0:00:00]} 49. Bg6 {[%emt 0:00:00]} gxh4 {[%emt 0:00:00]} 50. Bxd3 {[%emt 0:00:00]} Bxd3 {[%emt 0:00:00]} 51. gxh4 {[%emt 0:00:00]} Bg6 {[%emt 0:00:00]} 52. b4 {[%emt 0:00:00]} axb4+ {[%emt 0:00:00]} 53. Kxb4 {[%emt 0:00:00]} Ke5 {[%emt 0:00:00]} 54. Kc5 {[%emt 0:00:00]} Kf4 {[%emt 0:00:00]} 55. a5 {[%emt 0:00:00]} Bd3 {[%emt 0:00:00]} 56. Kb6 {[%emt 0:00:00]} Ke5 {[%emt 0:00:00]} 57. a6 {[%emt 0:00:00]} 1-0

[Event "1.FrauenBL 2018-19"]
[Site "Berlin"]
[Date "2019.03.01"]
[Round "9.8"]
[White "Scognamiglio, Stefanie"]
[Black "Rosmait, Emily"]
[Result "1-0"]
[WhiteElo "2076"]
[BlackElo "1898"]
[Annotator "NA"]
[PlyCount "53"]
[EventDate "2018.10.27"]
[EventType "team-tourn"]
[EventCountry "GER"]
[SourceTitle "playchess.com"]
[Source "ChessBase"]
[SourceQuality "1"]
[WhiteTeam "Hamburger SK"]
[BlackTeam "TuRa Harksheide"]
[TimeControl "40/5400+30:1800+30"]

1. e4 {[%emt 0:00:03]} e5 {[%emt 0:00:07]} 2. Nf3 {[%emt 0:00:06]} Nc6 {[%emt 0:00:04]} 3. Bc4 {[%emt 0:00:06]} Bc5 {[%emt 0:00:09]} 4. c3 {[%emt 0:01:01]} Nf6 {[%emt 0:00:12]} 5. d4 {[%emt 0:01:32]} exd4 {[%emt 0:02:50]} 6. cxd4 {[%emt 0:00:08]} Bb4+ {[%emt 0:00:49]} 7. Bd2 {[%emt 0:00:06]} Bxd2+ {[%emt 0:00:08]} 8. Nbxd2 {[%emt 0:00:05]} d6 {[%emt 0:03:16]} 9. O-O {[%emt 0:02:26]} O-O {[%emt 0:00:36]} 10. Re1 {[%emt 0:02:13]} Ne7 {[%emt 0:09:57]} 11. Qb3 {[%emt 0:05:25]} c6 {[%emt 0:03:45]} 12. e5 {[%emt 0:08:39]} dxe5 {[%emt 0:05:02]} 13. dxe5 {[%emt 0:00:42]} Nfd5 {[%emt 0:00:11]} 14. Ne4 {[%emt 0:03:09]} Nb6 {[%emt 0:10:27]} 15. Bd3 {[%emt 0:08:58]} Be6 {[%emt 0:05:05]} 16. Qc2 {[%emt 0:01:25]} h6 {[%emt 0:00:59]} 17. Nc5 {[%emt 0:23:46]} Qc8 {[%emt 0:06:45]} 18. Nd4 {[%emt 0:06:25]} Bd5 {[%emt 0:03:55]} 19. f3 {[%emt 0:07:07]} Re8 {[%emt 0:08:18]} 20. e6 {[%emt 0:03:27]} fxe6 {[%emt 0:08:06]} 21. Ndxe6 {[%emt 0:03:44]} Bxe6 {[%emt 0:04:04]} 22. Nxe6 {[%emt 0:00:24]} Ned5 {[%emt 0:01:00]} 23. Bf5 {[%emt 0:00:18]} Qd7 {[%emt 0:04:11]} 24. Ng5 {[%emt 0:03:14]} Ne3 {[%emt 0:08:16]} 25. Rxe3 {[%emt 0:06:29]} Qd4 {[%emt 0:01:03]} 26. Bh7+ {[%emt 0:01:22]} Kf8 {[%emt 0:00:46]} 27. Qf5+ {[%emt 0:00:05]} 1-0

[Event "1.FrauenBL 2018-19"]
[Site "Berlin"]
[Date "2019.03.01"]
[Round "9.8"]
[White "Jahn, Constanze"]
[Black "Hapala, Elisabeth"]
[Result "0-1"]
[WhiteElo "2063"]
[BlackElo "2143"]
[Annotator "NA"]
[PlyCount "148"]
[EventDate "2018.10.27"]
[EventType "team-tourn"]
[EventCountry "GER"]
[SourceTitle "playchess.com"]
[Source "ChessBase"]
[SourceQuality "1"]
[WhiteTeam "Pankow"]
[BlackTeam "SK Lehrte"]
[TimeControl "40/5400+30:1800+30"]

1. e4 {[%emt 0:00:05]} c5 {[%emt 0:00:06]} 2. Nf3 {[%emt 0:00:01]} e6 {[%emt 0:00:06]} 3. c3 {[%emt 0:01:10]} Nf6 {[%emt 0:00:34]} 4. e5 {[%emt 0:00:05]} Nd5 {[%emt 0:00:00]} 5. d4 {[%emt 0:00:06]} cxd4 {[%emt 0:00:00]} 6. cxd4 {[%emt 0:00:14]} d6 {[%emt 0:00:06]} 7. Bb5+ {[%emt 0:00:59]} Bd7 {[%emt 0:00:38]} 8. Bxd7+ {[%emt 0:00:52]} Nxd7 {[%emt 0:00:35]} 9. O-O {[%emt 0:00:58]} Rc8 {[%emt 0:03:23]} 10. Bd2 {[%emt 0:11:15]} dxe5 {[%emt 0:09:47]} 11. dxe5 {[%emt 0:00:00]} Be7 {[%emt 0:00:00]} 12. Qa4 {[%emt 0:03:44]} O-O {[%emt 0:21:00]} 13. Qg4 {[%emt 0:02:44]} Re8 {[%emt 0:06:44]} 14. Nc3 {[%emt 0:08:12]} Nxc3 {[%emt 0:19:50]} 15. Bxc3 {[%emt 0:00:10]} Nb6 {[%emt 0:03:31]} 16. Rad1 {[%emt 0:08:28]} Nd5 {[%emt 0:01:56]} 17. h4 {[%emt 0:29:13]} Qc7 {[%emt 0:04:20]} 18. Bd4 {[%emt 0:00:00]} Qc2 {[%emt 0:05:22]} 19. h5 {[%emt 0:00:00]} h6 {[%emt 0:00:00]} 20. Nd2 {[%emt 0:00:00]} f5 {[%emt 0:12:49]} 21. exf6 {[%emt 0:00:00]} Bxf6 {[%emt 0:00:01]} 22. Ne4 {[%emt 0:00:26]} Bxd4 {[%emt 0:00:20]} 23. Rxd4 {[%emt 0:00:05]} Qxb2 {[%emt 0:05:24]} 24. Nd6 {[%emt 0:28:46]} Nf6 {[%emt 0:00:03]} 25. Qd1 {[%emt 0:00:04]} Red8 {[%emt 0:03:38]} 26. Rd2 {[%emt 0:01:51]} Qb4 {[%emt 0:00:36]} 27. Re1 {[%emt 0:01:01]} Rd7 {[%emt 0:00:00]} 28. Rxe6 {[%emt 0:00:47]} Rcd8 {[%emt 0:02:43]} 29. Rd4 {[%emt 0:00:35]} Qc5 {[%emt 0:00:34]} 30. Qd2 {[%emt 0:02:47]} Ne8 {[%emt 0:00:50]} 31. Rd5 {[%emt 0:00:46]} Rxd6 {[%emt 0:00:28]} 32. Rxe8+ Rxe8 {[%emt 0:00:00]} 33. Rxd6 {[%emt 0:00:13]} Qxh5 {[%emt 0:00:53]} 34. Rd7 {[%emt 0:00:40]} Qb5 {[%emt 0:00:33]} 35. g3 {[%emt 0:00:23]} Qb1+ {[%emt 0:00:19]} 36. Kh2 {[%emt 0:00:08]} Qe4 {[%emt 0:00:00]} 37. Qc3 {[%emt 0:00:51]} Re7 {[%emt 0:01:09]} 38. Rd4 {[%emt 0:00:23]} Qe2 {[%emt 0:00:39]} 39. Rd2 {[%emt 0:01:18]} Qe4 {[%emt 0:00:27]} 40. Rd4 {[%emt 0:00:21]} Qe6 {[%emt 0:00:32]} 41. a4 {[%emt 0:07:00]} Kh7 {[%emt 0:10:21]} 42. Qc5 {[%emt 0:03:36]} b6 {[%emt 0:04:34]} 43. Qc2+ {[%emt 0:08:37]} Qg6 {[%emt 0:00:21]} 44. Qc3 {[%emt 0:02:13]} Re5 {[%emt 0:07:41]} 45. Rc4 {[%emt 0:03:57]} Rh5+ {[%emt 0:02:21]} 46. Kg2 {[%emt 0:01:55]} Qb1 {[%emt 0:00:54]} 47. Qc2+ {[%emt 0:00:05]} Qxc2 {[%emt 0:00:26]} 48. Rxc2 {[%emt 0:00:02]} Ra5 {[%emt 0:00:22]} 49. Rc4 {[%emt 0:00:00]} Kg6 {[%emt 0:00:44]} 50. Kf3 {[%emt 0:00:55]} Kf5 {[%emt 0:00:38]} 51. Ke3 {[%emt 0:02:23]} Ke5 {[%emt 0:01:36]} 52. Kd3 {[%emt 0:01:21]} Rd5+ {[%emt 0:01:47]} 53. Ke3 {[%emt 0:00:00]} Ra5 {[%emt 0:00:04]} 54. Kd3 {[%emt 0:00:16]} Kd6 {[%emt 0:00:46]} 55. Ke3 {[%emt 0:01:12]} a6 {[%emt 0:02:27]} 56. Kd3 {[%emt 0:00:56]} Rd5+ {[%emt 0:00:26]} 57. Ke3 {[%emt 0:00:25]} b5 {[%emt 0:02:00]} 58. axb5 {[%emt 0:00:17]} axb5 {[%emt 0:00:06]} 59. Rc8 {[%emt 0:00:16]} b4 {[%emt 0:00:51]} 60. Ke4 {[%emt 0:02:48]} Rb5 {[%emt 0:00:16]} 61. Rd8+ {[%emt 0:01:19]} Ke7 {[%emt 0:01:36]} 62. Rd1 {[%emt 0:00:09]} Ke6 {[%emt 0:00:27]} 63. Rb1 {[%emt 0:00:27]} b3 {[%emt 0:00:36]} 64. Rb2 {[%emt 0:00:29]} h5 {[%emt 0:00:29]} 65. f4 {[%emt 0:01:09]} Rb4+ {[%emt 0:00:00]} 66. Kd3 {[%emt 0:00:44]} Kf5 {[%emt 0:00:34]} 67. Ke3 {[%emt 0:00:08]} Rb8 {[%emt 0:00:43]} 68. Kf3 {[%emt 0:00:27]} Rb7 {[%emt 0:00:41]} 69. Ke3 {[%emt 0:00:33]} Ke6 {[%emt 0:00:29]} 70. Ke4 {[%emt 0:00:21]} g6 {[%emt 0:00:00]} 71. Kd4 {[%emt 0:00:19]} Kf5 {[%emt 0:00:58]} 72. Ke3 {[%emt 0:00:07]} Kg4 {[%emt 0:00:00]} 73. Kf2 {[%emt 0:00:45]} h4 {[%emt 0:00:00]} 74. gxh4 {[%emt 0:00:14]} Kxf4 {[%emt 0:00:39]} 0-1

[Event "1.FrauenBL 2018-19"]
[Site "Berlin"]
[Date "2019.03.01"]
[Round "9.9"]
[White "Koepke, Elena"]
[Black "Bulmaga, Irina"]
[Result "0-1"]
[WhiteElo "2301"]
[BlackElo "2424"]
[Annotator "NA RC"]
[PlyCount "72"]
[EventDate "2018.10.27"]
[EventType "team-tourn"]
[EventCountry "GER"]
[SourceTitle "playchess.com"]
[Source "ChessBase"]
[SourceQuality "1"]
[WhiteTeam "SF Deizisau"]
[BlackTeam "SK Schwaebisch Hall"]
[TimeControl "40/5400+30:1800+30"]

1. e4 {[%emt 0:00:06]} c6 {[%emt 0:00:07]} 2. c4 {[%emt 0:00:53]} d5 {[%emt 0:00:06]} 3. exd5 {[%emt 0:00:04]} cxd5 {[%emt 0:00:06]} 4. cxd5 {[%emt 0:00:04]} Nf6 {[%emt 0:00:07]} 5. Nc3 {[%emt 0:00:25]} Nxd5 {[%emt 0:00:08]} 6. Nf3 {[%emt 0:00:10]} e6 {[%emt 0:00:08]} 7. d4 {[%emt 0:00:35]} Bb4 {[%emt 0:01:04]} 8. Qc2 {[%emt 0:01:23]} Nc6 {[%emt 0:00:31]} 9. a3 {[%emt 0:00:55]} Ba5 {[%emt 0:03:34]} 10. Bd3 {[%emt 0:05:33]} h6 {[%emt 0:00:40]} 11. O-O {[%emt 0:00:45]} O-O {[%emt 0:00:28]} 12. Bc4 {[%emt 0:19:56]} Nce7 {[%emt 0:06:18]} 13. Ba2 {[%emt 0:03:15]} Bd7 {[%emt 0:08:15]} 14. Bd2 {[%emt 0:09:36]} Rc8 {[%emt 0:02:26]} 15. Qd3 {[%emt 0:01:24]} Bc7 {[%emt 0:08:31]} 16. Bb1 {[%emt 0:10:55]} f5 {[%emt 0:14:26]} 17. Re1 {[%emt 0:01:05]} Rf6 {[%emt 0:04:09]} 18. Nxd5 {[%emt 0:27:56]} Nxd5 {[%emt 0:00:47]} 19. Ne5 {[%emt 0:00:36]} Bxe5 {[%emt 0:02:49]} 20. Rxe5 {[%emt 0:00:37]} Qb6 {[%emt 0:05:16]} 21. Ba2 {[%emt 0:09:30]} Qxb2 {[%emt 0:06:55]} 22. Ree1 {[%emt 0:00:51]} Bb5 {[%emt 0:05:46]} 23. Rab1 {[%emt 0:04:35]} Qxa2 {[%emt 0:00:51]} 24. Rxb5 {[%emt 0:00:06]} Qc2 {[%emt 0:04:15]} 25. Qe2 {[%emt 0:00:48]} b6 {[%emt 0:02:30]} 26. g3 {[%emt 0:00:41]} Qc4 {[%emt 0:02:52]} 27. Bf4 {[%emt 0:00:35]} Nxf4 {[%emt 0:01:17]} 28. gxf4 {[%emt 0:00:10]} Rg6+ {[%emt 0:00:49]} 29. Kf1 {[%emt 0:00:12]} Qxd4 {[%emt 0:01:34]} 30. Re5 {[%emt 0:00:21]} Rc6 {[%emt 0:02:19]} 31. Qf3 {[%emt 0:01:20]} Rc3 {[%emt 0:01:18]} 32. Qa8+ {[%emt 0:00:30]} Kh7 {[%emt 0:00:12]} 33. R5e3 {[%emt 0:00:37]} Qc4+ {[%emt 0:00:47]} 34. R3e2 {[%emt 0:00:18]} Qxf4 {[%emt 0:00:43]} 35. Rxe6 {[%emt 0:00:39]} Rxe6 {[%emt 0:00:43]} 36. Rxe6 {[%emt 0:00:02]} Rc1+ {[%emt 0:00:10]} 0-1

[Event "1.FrauenBL 2018-19"]
[Site "Berlin"]
[Date "2019.03.01"]
[Round "9.9"]
[White "Boric, Elena"]
[Black "Bodnaruk, Anastasia"]
[Result "0-1"]
[WhiteElo "2202"]
[BlackElo "2422"]
[Annotator "NA"]
[PlyCount "72"]
[EventDate "2018.10.27"]
[EventType "team-tourn"]
[EventCountry "GER"]
[SourceTitle "playchess.com"]
[Source "ChessBase"]
[SourceQuality "1"]
[WhiteTeam "FC Bayern Muenchen"]
[BlackTeam "Rodewischer SM"]
[TimeControl "40/5400+30:1800+30"]

1. d4 {[%emt 0:00:11]} Nf6 {[%emt 0:00:17]} 2. Nf3 {[%emt 0:00:27]} g6 {[%emt 0:00:16]} 3. Bf4 {[%emt 0:01:19]} Bg7 {[%emt 0:00:08]} 4. e3 {[%emt 0:01:24]} O-O {[%emt 0:02:10]} 5. Nc3 {[%emt 0:06:37]} d5 {[%emt 0:02:10]} 6. Bd3 {[%emt 0:00:00]} b6 {[%emt 0:07:21]} 7. O-O {[%emt 0:04:37]} Bb7 {[%emt 0:00:00]} 8. h3 {[%emt 0:07:24]} c5 {[%emt 0:00:42]} 9. Re1 {[%emt 0:04:09]} Ne4 {[%emt 0:08:57]} 10. Be5 {[%emt 0:09:40]} f6 {[%emt 0:05:27]} 11. Bh2 {[%emt 0:00:10]} Nxc3 {[%emt 0:07:05]} 12. bxc3 {[%emt 0:00:00]} c4 {[%emt 0:00:04]} 13. Bf1 {[%emt 0:01:14]} Nd7 {[%emt 0:05:11]} 14. a4 {[%emt 0:09:32]} Rc8 {[%emt 0:06:39]} 15. Nd2 {[%emt 0:15:31]} f5 {[%emt 0:02:43]} 16. f4 {[%emt 0:07:46]} Nf6 {[%emt 0:01:49]} 17. g4 {[%emt 0:00:58]} Qd7 {[%emt 0:15:13]} 18. Be2 {[%emt 0:01:36]} a5 {[%emt 0:03:53]} 19. g5 {[%emt 0:01:37]} Ne8 {[%emt 0:02:00]} 20. Qb1 {[%emt 0:02:29]} Rc6 {[%emt 0:03:17]} 21. Bf3 {[%emt 0:01:44]} e6 {[%emt 0:08:45]} 22. Bg3 {[%emt 0:00:42]} Nd6 {[%emt 0:00:00]} 23. h4 {[%emt 0:07:56]} Ba6 24. Kg2 {[%emt 0:00:00]} Rb8 {[%emt 0:06:01]} 25. h5 {[%emt 0:03:05]} b5 {[%emt 0:00:00]} 26. hxg6 {[%emt 0:00:00]} hxg6 {[%emt 0:00:29]} 27. axb5 {[%emt 0:00:00]} Rxb5 {[%emt 0:00:00]} 28. Qa2 {[%emt 0:01:35]} Rcb6 {[%emt 0:01:55]} 29. Qa4 {[%emt 0:00:49]} Qb7 {[%emt 0:04:19]} 30. Rac1 {[%emt 0:01:32]} Qb8 {[%emt 0:02:51]} 31. Rh1 {[%emt 0:00:38]} Bb7 {[%emt 0:02:11]} 32. Rh2 {[%emt 0:07:11]} Bc6 {[%emt 0:00:32]} 33. Qa3 {[%emt 0:00:32]} a4 {[%emt 0:02:09]} 34. Ra1 {[%emt 0:01:51]} Rb2 {[%emt 0:01:05]} 35. Bd1 {[%emt 0:02:13]} Bf8 {[%emt 0:00:33]} 36. Ra2 {[%emt 0:00:00]} Nf7 {[%emt 0:00:51]} 0-1

[Event "1.FrauenBL 2018-19"]
[Site "Berlin"]
[Date "2019.03.01"]
[Round "9.9"]
[White "Duessler, Stefanie"]
[Black "Wagner-Michel, Annett"]
[Result "1/2-1/2"]
[WhiteElo "2105"]
[BlackElo "2059"]
[Annotator "NA"]
[PlyCount "156"]
[EventDate "2018.10.27"]
[EventType "team-tourn"]
[EventCountry "GER"]
[SourceTitle "playchess.com"]
[Source "ChessBase"]
[SourceQuality "1"]
[WhiteTeam "SK Lehrte"]
[BlackTeam "Pankow"]
[TimeControl "40/5400+30:1800+30"]

1. e4 {[%emt 0:00:03]} c5 {[%emt 0:00:03]} 2. Nf3 {[%emt 0:00:04]} Nc6 {[%emt 0:00:05]} 3. d4 {[%emt 0:00:05]} cxd4 {[%emt 0:00:03]} 4. Nxd4 {[%emt 0:00:06]} Nf6 {[%emt 0:00:05]} 5. Nc3 {[%emt 0:00:16]} d6 {[%emt 0:00:15]} 6. Bg5 {[%emt 0:01:09]} a6 {[%emt 0:00:26]} 7. Qd2 {[%emt 0:03:19]} h6 {[%emt 0:04:11]} 8. Bh4 {[%emt 0:04:04]} g5 {[%emt 0:13:04]} 9. Bg3 {[%emt 0:00:16]} e5 {[%emt 0:07:39]} 10. Nxc6 {[%emt 0:03:10]} bxc6 {[%emt 0:00:02]} 11. O-O-O {[%emt 0:00:54]} Be6 {[%emt 0:01:29]} 12. h4 {[%emt 0:03:51]} g4 {[%emt 0:00:40]} 13. f3 {[%emt 0:04:55]} Qa5 {[%emt 0:06:22]} 14. b3 {[%emt 0:02:40]} Be7 {[%emt 0:04:49]} 15. Na4 {[%emt 0:02:23]} Qxd2+ {[%emt 0:01:22]} 16. Rxd2 {[%emt 0:00:13]} Nd7 {[%emt 0:06:16]} 17. c4 {[%emt 0:12:19]} f5 {[%emt 0:01:59]} 18. exf5 {[%emt 0:04:08]} Bxf5 {[%emt 0:00:04]} 19. Bd3 {[%emt 0:00:22]} Bxd3 {[%emt 0:04:44]} 20. Rxd3 {[%emt 0:01:31]} h5 {[%emt 0:03:24]} 21. Re1 {[%emt 0:04:49]} gxf3 {[%emt 0:10:29]} 22. gxf3 {[%emt 0:02:09]} O-O-O {[%emt 0:09:00]} 23. f4 {[%emt 0:18:37]} Rhg8 {[%emt 0:03:37]} 24. Re2 {[%emt 0:05:06]} Rg4 {[%emt 0:05:36]} 25. fxe5 {[%emt 0:10:02]} Nxe5 {[%emt 0:03:11]} 26. Rde3 {[%emt 0:01:27]} Bxh4 {[%emt 0:03:12]} 27. Bxh4 {[%emt 0:00:55]} Rxh4 {[%emt 0:00:03]} 28. c5 {[%emt 0:00:08]} Rd4 {[%emt 0:05:25]} 29. Kc2 {[%emt 0:03:53]} Nd7 {[%emt 0:01:52]} 30. Re6 {[%emt 0:04:31]} Kc7 {[%emt 0:00:48]} 31. Rh6 {[%emt 0:00:52]} Nxc5 {[%emt 0:01:33]} 32. Nxc5 {[%emt 0:00:17]} dxc5 {[%emt 0:00:02]} 33. Rxh5 {[%emt 0:00:13]} R4d5 {[%emt 0:00:21]} 34. Rh6 {[%emt 0:00:42]} R8d6 {[%emt 0:00:21]} 35. Rh7+ {[%emt 0:02:04]} Rd7 {[%emt 0:00:08]} 36. Rh6 {[%emt 0:00:09]} Rd4 {[%emt 0:00:24]} 37. Kc3 {[%emt 0:02:02]} Rd3+ {[%emt 0:02:02]} 38. Kc2 {[%emt 0:00:03]} R3d6 {[%emt 0:00:31]} 39. Rh3 {[%emt 0:01:30]} Kb6 {[%emt 0:00:08]} 40. Kc3 {[%emt 0:00:17]} Rd1 {[%emt 0:00:53]} 41. Rh8 {[%emt 0:31:57]} R1d3+ {[%emt 0:32:42]} 42. Kc2 {[%emt 0:00:12]} R3d4 {[%emt 0:00:00]} 43. Rh6 {[%emt 0:00:00]} c4 {[%emt 0:00:00]} 44. Ree6 {[%emt 0:00:00]} cxb3+ {[%emt 0:00:00]} 45. axb3 {[%emt 0:00:00]} Rc7 {[%emt 0:00:00]} 46. Kc3 {[%emt 0:00:00]} Rd5 {[%emt 0:00:00]} 47. Re8 {[%emt 0:00:00]} Rc5+ {[%emt 0:00:00]} 48. Kb4 {[%emt 0:00:00]} Rb5+ {[%emt 0:00:00]} 49. Kc4 {[%emt 0:00:00]} Rf7 {[%emt 0:00:00]} 50. Re3 {[%emt 0:00:00]} Rf4+ {[%emt 0:00:00]} 51. Kc3 {[%emt 0:00:00]} Rc5+ {[%emt 0:00:00]} 52. Kb2 {[%emt 0:00:00]} Rf2+ {[%emt 0:00:00]} 53. Ka3 {[%emt 0:00:00]} a5 {[%emt 0:00:00]} 54. b4 {[%emt 0:00:00]} axb4+ {[%emt 0:00:00]} 55. Kxb4 {[%emt 0:00:00]} Rb2+ {[%emt 0:00:00]} 56. Ka3 {[%emt 0:00:00]} Rb1 {[%emt 0:00:00]} 57. Rb3+ {[%emt 0:00:00]} Rxb3+ {[%emt 0:00:00]} 58. Kxb3 {[%emt 0:00:00]} Kb5 {[%emt 0:00:00]} 59. Rh3 {[%emt 0:00:00]} Rg5 {[%emt 0:00:00]} 60. Kc3 {[%emt 0:00:00]} c5 {[%emt 0:00:00]} 61. Rf3 {[%emt 0:00:00]} Rg1 {[%emt 0:00:00]} 62. Rh3 {[%emt 0:00:00]} Rc1+ {[%emt 0:00:00]} 63. Kb2 {[%emt 0:00:00]} Rc4 {[%emt 0:00:00]} 64. Kb3 {[%emt 0:00:00]} Rb4+ {[%emt 0:00:00]} 65. Kc3 {[%emt 0:00:30]} Ra4 {[%emt 0:00:00]} 66. Rh8 {[%emt 0:03:37]} Ra3+ {[%emt 0:00:00]} 67. Kb2 {[%emt 0:00:02]} Rg3 {[%emt 0:00:00]} 68. Rh4 {[%emt 0:00:21]} c4 {[%emt 0:01:24]} 69. Rh8 {[%emt 0:00:18]} Rd3 {[%emt 0:01:31]} 70. Rb8+ {[%emt 0:00:47]} Kc5 {[%emt 0:00:04]} 71. Kc2 {[%emt 0:00:10]} Rf3 {[%emt 0:01:29]} 72. Rc8+ {[%emt 0:00:08]} Kd4 {[%emt 0:00:10]} 73. Rd8+ {[%emt 0:00:05]} Kc5 {[%emt 0:00:01]} 74. Rc8+ {[%emt 0:00:07]} Kd4 {[%emt 0:00:07]} 75. Rd8+ {[%emt 0:00:06]} Ke4 {Rg5# [%clk ]} 76. Z0 {Qxe4 [%clk ]} Rf4 77. Rh8 Z0 {Qb7 [%clk ] a5 [%clk ]} 78. Rf8 Z0 {a4 [%clk ]} 1/2-1/2